[Event "2020 Standard Chess Dropout Tournament, Round 1"]
[Site "SchemingMind.com"]
[Date "2019.11.25"]
[Round "1"]
[White "j4orce"]
[Black "Ulrich Klapp"]
[Result "1-0"]
[WhiteCountry "USA"]
[BlackCountry "GER"]
[WhiteElo "1682"]
[WhiteRD "125"]
[BlackElo "1673"]
[BlackRD "104"]
[GameID "448345"]

1. Nf3 d6 2. d4 Nf6 3. e4 Nxe4 4. Bd3 f5 5. Bxe4 fxe4 6. Ng5 Bf5 7. f3 d5 8. fxe4 dxe4 9. Nc3 e5 10. O-O Qxd4+
11. Qxd4 exd4 12. Nd5 Bg6 13. Ne6 c6 14. Ndc7+ Kd7 15. Bf4 Bd6 16. Rad1 Bxc7 17. Nxc7 c5 18. b4 e3 19. bxc5 e2 20. Rxd4+ Ke7
21. Bg5#
1-0

[Event "2020 Standard Chess Dropout Tournament, Round 1"]
[Site "SchemingMind.com"]
[Date "2019.11.25"]
[Round "1"]
[White "Janusz Szopa"]
[Black "Dan Geana"]
[Result "0-1"]
[WhiteCountry "POL"]
[BlackCountry "ROU"]
[WhiteElo "2293"]
[WhiteRD "87"]
[BlackElo "2648"]
[BlackRD "116"]
[GameID "448346"]

1. e4 e5 2. Nf3 Nc6 3. Bc4 Bc5 4. c3 Nf6 5. d4 exd4 6. cxd4 Bb4+ 7. Bd2 Bxd2+ 8. Nbxd2 d5 9. exd5 Nxd5 10. O-O O-O
11. Rc1 Nb6 12. Bb3 a5 13. a4 Nd5 14. Re1 Be6 15. Ne4 Bg4 16. Ng3 Nf6 17. Bc4 Rb8 18. d5 Ne7 19. h3 Bxf3 20. Qxf3 Nfxd5
21. Nf5 c6 22. Rcd1 Qc7 23. Nxe7+ Nxe7 24. Qe4 Ng6 25. h4 b5 26. axb5 cxb5 27. Ba2 b4 28. Bb3 Rb5 29. Bd5 Rb6 30. Rc1 Qa7
31. Bc6 Rd8 32. h5 Nf8 33. h6 gxh6 34. Qf4 Ng6 35. Qxh6 Rbb8 36. Qg5 Rbc8 37. b3 Kg7 38. Rc4 Qb6 39. Rh4 Kh8 40. Qf6+ Kg8
41. Rc4 Rd2 42. g3 a4 43. bxa4 b3 44. a5 Qa6 45. Rc5 b2 46. Qf3 Qa7 47. Qf5 Rc7 48. Rb1 Rd6 49. Rxb2 Rdxc6 50. Rxc6 Rxc6
51. Qd5 Rc5 52. Rb7 Rxd5 53. Rxa7 Rb5 54. Kh2 h6 55. Kh3 Rb2 56. f4 Ra2 57. a6 Ra3 58. Kg4 Kg7 59. Ra8 Ne7 60. a7 Nc6
61. f5 Rxa7 62. Rc8 Ne5+ 63. Kf4 Kf6 64. Rh8 Ra4+ 65. Ke3 Kxf5 66. Rh7 Ra8
0-1

[Event "2020 Standard Chess Dropout Tournament, Round 1"]
[Site "SchemingMind.com"]
[Date "2019.11.21"]
[Round "1"]
[White "JimM"]
[Black "Abstract Actuary"]
[Result "0-1"]
[WhiteCountry "USA"]
[BlackCountry "USA"]
[WhiteElo "1749"]
[WhiteRD "81"]
[BlackElo "1830"]
[BlackRD "82"]
[GameID "448347"]

1. e4 d6 2. d4 Nf6 3. Nc3 g6 4. Nf3 Bg7 5. Be2 c5 6. d5 O-O 7. O-O e6 8. dxe6 fxe6 9. Ng5 Qe7 10. Bf4 Ne8
11. g3 Nd7 12. Bc4 Ndf6 13. Nb5 h6 14. Nf3 Nxe4 15. c3 a6 16. Na3 b5 17. Bd3 Bb7 18. Re1 N8f6 19. Nh4 g5 20. Ng6 Qf7
21. Nxf8 gxf4 22. Nxe6 Qxe6 23. f3 Qh3 24. fxe4 fxg3 25. Qf3 Qxh2+ 26. Kf1 Rf8 27. Re2 Qh3+ 28. Ke1 Nxe4 29. Qg2 Qxg2 30. Rxg2 Be5
31. Bxe4 Bxe4 32. Rg1 h5 33. Ke2 h4 34. Nb1 h3 35. Nd2 Bc6 36. Raf1 g2 37. Rf2 Bh2 38. Rxf8+ Kxf8 39. Kf2 Bxg1+ 40. Kxg1 Kf7
41. b4 cxb4 42. cxb4 Ke6 43. Nb3 Ke5 44. Nc1 Ke4 45. Ne2 Ke3
0-1

[Event "2020 Standard Chess Dropout Tournament, Round 1"]
[Site "SchemingMind.com"]
[Date "2019.11.22"]
[Round "1"]
[White "John Lewis"]
[Black "Lanaroon"]
[Result "0-1"]
[WhiteCountry "ENG"]
[BlackCountry "ENG"]
[WhiteElo "1330"]
[WhiteRD "75"]
[BlackElo "1419"]
[BlackRD "107"]
[GameID "448349"]

1. e4 e5 2. d4 exd4 3. Qxd4 Nc6 4. Qe3 Nf6 5. e5 Nd5 6. Qe4 Ncb4 7. c3 g6 8. cxb4 Bxb4+ 9. Bd2 Bxd2+ 10. Nxd2 Qe7
11. Qxd5 c6 12. Qd6 Qxd6 13. exd6 O-O 14. g3 b5 15. Bg2 Re8+ 16. Ne4 Kg7 17. Ne2 f5 18. Nc5 a5 19. a4 bxa4 20. Rxa4 Re5
21. Nb3 Ra6 22. Nd4 Rc5 23. O-O Kf6 24. Rd1 Ke5 25. Nf3+ Kf6 26. b4 Rc4 27. Rd4 Rxb4 28. Rdxb4 axb4 29. Rxb4 Ra1+ 30. Bf1 Ba6
0-1

[Event "2020 Standard Chess Dropout Tournament, Round 1"]
[Site "SchemingMind.com"]
[Date "2019.11.21"]
[Round "1"]
[White "Ken Lucas"]
[Black "Andew Smith"]
[Result "0-1"]
[WhiteCountry "ENG"]
[BlackCountry "WLS"]
[WhiteElo "996"]
[WhiteRD "149"]
[BlackElo "1719"]
[BlackRD "118"]
[GameID "448350"]

1. d4 d5 2. Nf3 Nf6 3. g3 g6 4. Bg2 Bg7 5. O-O O-O 6. c3 c6 7. Re1 Be6 8. Nbd2 Qc8 9. e4 Bh3 10. e5 Ne8
11. Ng5 Bxg2 12. Kxg2 Qf5 13. Ndf3 Nd7 14. e6 fxe6
0-1

[Event "2020 Standard Chess Dropout Tournament, Round 1"]
[Site "SchemingMind.com"]
[Date "2019.11.21"]
[Round "1"]
[White "kenneth m day"]
[Black "Raymond de Kemp"]
[Result "0-1"]
[WhiteCountry "USA"]
[BlackCountry "NED"]
[WhiteElo "1745"]
[WhiteRD "53"]
[BlackElo "1776"]
[BlackRD "80"]
[GameID "448351"]

1. e4 c5 2. d4 cxd4 3. c3 dxc3 4. Nxc3 Nc6 5. Nf3 e6 6. Bc4 a6 7. O-O b5 8. Bb3 Bb7 9. Bf4 Na5 10. Bc2 Ne7
11. b3 Ng6 12. Bg3 Rc8 13. Ne2 Bc5 14. Rc1 O-O 15. Bd6 Bxd6 16. Qxd6 Bc6 17. Rfd1 Nb7 18. Qg3 Re8 19. Ned4 e5 20. Nxc6 Rxc6
21. Qg4 d6 22. Bb1 Qc8 23. Qxc8 Rexc8 24. Rxc6 Rxc6 25. h3 Nf4 26. Kh2 b4 27. g3 Ne2 28. Bd3 Nc3 29. Rd2 Nc5 30. Bc2 f6
31. Kg2 N5xe4 32. Bxe4 Nxe4 33. Re2 Nc3 34. Rd2 d5 35. Nh4 Kf7 36. Nf5 d4 37. g4 g6 38. Ng3 Rc5 39. Ne2 Ne4 40. Rb2 d3
41. Ng1 d2 42. Rb1 Rc1
0-1

[Event "2020 Standard Chess Dropout Tournament, Round 1"]
[Site "SchemingMind.com"]
[Date "2019.11.22"]
[Round "1"]
[White "Thomas Jacob Kelly"]
[Black "Stephen Woodhouse"]
[Result "1-0"]
[WhiteCountry "USA"]
[BlackCountry "ENG"]
[WhiteElo "1796"]
[WhiteRD "79"]
[BlackElo "1859"]
[BlackRD "89"]
[GameID "448352"]

1. e4 e6 2. d4 d5 3. Nd2 dxe4 4. Nxe4 Nd7 5. Nf3 Ngf6 6. Nxf6+ Nxf6 7. c3 c5 8. Ne5 cxd4 9. Bb5+ Bd7 10. Nxd7 Nxd7
11. Qxd4 a6 12. Ba4 b5 13. Bc2 Nf6 14. Be3 Qxd4 15. Bxd4 O-O-O 16. O-O-O Bd6 17. g3 Bc7 18. f3 Rd7 19. a4 e5 20. Bf2 Rhd8
21. Bf5 g6 22. Bxd7+ Rxd7 23. axb5 axb5 24. Kc2 e4 25. Rxd7 Kxd7 26. fxe4 Nxe4 27. Be3 f5 28. Kb3 Kc6 29. Ra1 Nc5+ 30. Kc2 Ne6
31. Kd3 f4 32. gxf4 Nxf4+ 33. Bxf4 Bxf4 34. h3 g5 35. Ra6+ Kd5 36. Rh6 Bc1 37. b3
1-0

[Event "2020 Standard Chess Dropout Tournament, Round 1"]
[Site "SchemingMind.com"]
[Date "2019.11.25"]
[Round "1"]
[White "Johnny Owens"]
[Black "David Hartley"]
[Result "1-0"]
[WhiteCountry "USA"]
[BlackCountry "ENG"]
[WhiteElo "2108"]
[WhiteRD "82"]
[BlackElo "1801"]
[BlackRD "82"]
[GameID "448353"]

1. c4 c5 2. g3 g6 3. Bg2 Bg7 4. Nc3 Nc6 5. e3 e6 6. Nge2 Nge7 7. d4 cxd4 8. exd4 d5 9. cxd5 Nxd5 10. O-O O-O
11. Re1 Nxc3 12. bxc3 Bd7 13. a4 b6 14. d5 exd5 15. Qxd5 Rc8 16. Bg5 Qc7 17. Bf4 Ne7 18. Qd2 Bxc3 19. Nxc3 Qxc3 20. Qxd7 Rfe8
21. Rac1 Qf6 22. Rxc8
1-0

[Event "2020 Standard Chess Dropout Tournament, Round 1"]
[Site "SchemingMind.com"]
[Date "2019.11.22"]
[Round "1"]
[White "Lanaroon"]
[Black "Mike Smith"]
[Result "0-1"]
[WhiteCountry "ENG"]
[BlackCountry "ENG"]
[WhiteElo "1427"]
[WhiteRD "114"]
[BlackElo "2190"]
[BlackRD "104"]
[GameID "448354"]

1. e4 e6 2. d4 d5 3. Nc3 Bb4 4. e5 c5 5. a3 Ba5 6. Nf3 Nc6 7. dxc5 Bxc3+ 8. bxc3 Qa5 9. Bd2 Qxc5 10. Bd3 f5
11. O-O Nge7 12. Qe2 O-O 13. Nd4 Nxd4 14. cxd4 Qxd4 15. Kh1 Ng6 16. f4 Bd7 17. c3 Qb6 18. Qe3 Qxe3 19. Bxe3 Rfc8 20. Rac1 b5
21. Rf2 Rc7 22. Rfc2 Rac8 23. g3 Ne7 24. Bd4 Kf7 25. h4 a6 26. Kh2 Nc6 27. Bc5 Nxe5 28. fxe5 Rxc5 29. Kh3 g6 30. g4 h6
31. Kg3 g5 32. hxg5 hxg5 33. gxf5 exf5 34. Bxf5 Bxf5 35. Rf2 Rxc3+
0-1

[Event "2020 Standard Chess Dropout Tournament, Round 1"]
[Site "SchemingMind.com"]
[Date "2019.11.21"]
[Round "1"]
[White "William Lindberg"]
[Black "Robert Pallett"]
[Result "1/2-1/2"]
[WhiteCountry "USA"]
[BlackCountry "ENG"]
[WhiteElo "2484"]
[WhiteRD "63"]
[BlackElo "2368"]
[BlackRD "90"]
[GameID "448355"]

1. e4 e5 2. Nf3 Nc6 3. Bb5 a6 4. Bxc6 dxc6 5. O-O Qd6 6. Na3 b5 7. c3 c5 8. Re1 Ne7 9. Nc2 Nc6 10. Ne3 Be6
11. a4 b4 12. Ng5 Bd7 13. Nd5 f6 14. Nf3 Bg4 15. h3 Bh5 16. cxb4 Nxb4 17. Nxb4 cxb4 18. d4 Be7 19. Qb3 Bxf3 20. Qxf3 Qxd4
21. Rd1 Qc4 22. Be3 Qe6 23. Rac1 c6 24. a5 O-O 25. Qe2 h6 26. Bb6 Rfc8 27. Kf1 Kf7 28. Rc4 Bf8 29. Qh5+ Kg8 30. b3 c5
31. Qf5 Qe8 32. Qd7 Qxd7 33. Rxd7 Rc6 34. Ke2 Bd6 35. h4 Rac8 36. Ra7 Bc7 37. Rxa6 Bxb6 38. axb6 Rb8 39. g3 g6 40. Kd3 Kf7
41. Ra5 Rd8+ 42. Ke2 Rxb6 43. Raxc5 Rd7=
1/2-1/2

[Event "2020 Standard Chess Dropout Tournament, Round 1"]
[Site "SchemingMind.com"]
[Date "2019.11.25"]
[Round "1"]
[White "Simon Green"]
[Black "edg"]
[Result "0-1"]
[WhiteCountry "ENG"]
[BlackCountry "USA"]
[WhiteElo "1500"]
[WhiteRD "65"]
[BlackElo "1728"]
[BlackRD "74"]
[GameID "448356"]

1. d4 Nf6 2. e3 d5 3. Bd3 g6 4. f4 Bg4 5. Nf3 e6 6. Nbd2 Bg7 7. O-O O-O 8. Qe1 Bxf3 9. Rxf3 a6 10. c3 b5
11. b3 Nfd7 12. Ba3 Re8 13. c4 bxc4 14. bxc4 c5 15. Nb3 cxd4 16. exd4 dxc4 17. Bxc4 Nb6 18. Qe2 Bxd4+ 19. Kf1 Bxa1 20. Nxa1 Nxc4
21. Nc2 Nd2+ 22. Kf2 Nxf3 23. Qxf3 Qd2+
0-1

[Event "2020 Standard Chess Dropout Tournament, Round 1"]
[Site "SchemingMind.com"]
[Date "2019.11.22"]
[Round "1"]
[White "Clive Everill"]
[Black "Robert Hatfield"]
[Result "1-0"]
[WhiteCountry "CZE"]
[BlackCountry "USA"]
[WhiteElo "1724"]
[WhiteRD "62"]
[BlackElo "1872"]
[BlackRD "79"]
[GameID "448357"]

1. Nf3 c5 2. g3 Nf6 3. Bg2 Nc6 4. O-O e6 5. c4 Be7 6. d4 cxd4 7. Nxd4 O-O 8. Nc3 a6 9. b3 Qc7 10. Bb2 d6
11. Rc1 Bd7 12. Nd5 Qd8 13. Nxe7+ Qxe7 14. Ba3 Nd8 15. Re1 e5 16. Nc2 Bc6 17. Bxd6
1-0

[Event "2020 Standard Chess Dropout Tournament, Round 1"]
[Site "SchemingMind.com"]
[Date "2019.11.21"]
[Round "1"]
[White "maro"]
[Black "WonkaEight"]
[Result "1-0"]
[WhiteCountry "MEX"]
[BlackCountry "AUS"]
[WhiteElo "1417"]
[WhiteRD "67"]
[BlackElo "1344"]
[BlackRD "91"]
[GameID "448358"]

1. d4 Nf6 2. c4 e6 3. Nc3 Bb4 4. Bd2 Nc6 5. e3 b6 6. a3 Bxc3 7. Bxc3 Ne4 8. Bd3 Nxc3 9. bxc3 Ba6 10. d5 exd5
11. cxd5 Ne5 12. Bxa6 Qf6 13. Ne2 O-O 14. O-O Qh4 15. h3 Rae8 16. Bb7 Nc4 17. Ba6 Ne5 18. f4 Ng6 19. Qd2 Re4 20. Bd3 Re7
21. f5 Ne5 22. Rf4 Qh5 23. Ng3 Qh6 24. f6 gxf6 25. Nf5 Qg5 26. Nxe7+ Kh8 27. Rf5 Nf3+ 28. Rxf3 f5 29. Rxf5 Qxe7 30. Bc2 f6
31. Rh5
1-0

[Event "2020 Standard Chess Dropout Tournament, Round 1"]
[Site "SchemingMind.com"]
[Date "2019.11.22"]
[Round "1"]
[White "Matthew Bailey"]
[Black "Artmagic"]
[Result "1-0"]
[WhiteCountry "ENG"]
[BlackCountry "ENG"]
[WhiteElo "2489"]
[WhiteRD "59"]
[BlackElo "1027"]
[BlackRD "127"]
[GameID "448359"]

1. e4 e6 2. d4 Be7 3. Bd3 Nf6 4. e5 Nd5 5. a3 O-O 6. c4 Nf4 7. Bxf4 d6 8. Qc2 Bd7 9. Bxh7+ Kh8 10. Be4 Nc6
11. Qe2 d5 12. Qh5+ Kg8 13. Qh7#
1-0

[Event "2020 Standard Chess Dropout Tournament, Round 1"]
[Site "SchemingMind.com"]
[Date "2019.11.21"]
[Round "1"]
[White "Mihir Chandrashekhar"]
[Black "Glenn O'Brien"]
[Result "0-1"]
[WhiteCountry "IND"]
[BlackCountry "AUS"]
[WhiteElo "1801"]
[WhiteRD "52"]
[BlackElo "1950"]
[BlackRD "85"]
[GameID "448360"]

1. d4 Nf6 2. d5 d6 3. c4 g6 4. Nc3 Bg7 5. h4 O-O 6. Bg5 Na6 7. e3 Nc5 8. Bxf6 Bxf6 9. h5 Bf5 10. hxg6 hxg6
11. g4 Bd7 12. Qf3 Bxc3+ 13. bxc3 Kg7 14. Ne2 Nd3+
0-1

[Event "2020 Standard Chess Dropout Tournament, Round 1"]
[Site "SchemingMind.com"]
[Date "2019.11.21"]
[Round "1"]
[White "Mike Smith"]
[Black "Matthew Bailey"]
[Result "0-1"]
[WhiteCountry "ENG"]
[BlackCountry "ENG"]
[WhiteElo "2198"]
[WhiteRD "103"]
[BlackElo "2489"]
[BlackRD "59"]
[GameID "448361"]

1. c4 e5 2. Nc3 Nf6 3. g3 Bb4 4. Bg2 O-O 5. Nf3 Bxc3 6. bxc3 Re8 7. O-O d6 8. Rb1 e4 9. Nd4 Nbd7 10. d3 h6
11. Qc2 Nc5 12. h3 b6 13. Be3 exd3 14. exd3 Bb7 15. Qd2 Bxg2 16. Kxg2 d5 17. Nb3 dxc4 18. Nxc5 Qd5+ 19. Kh2 bxc5 20. d4 Ne4
21. Qc1 cxd4 22. cxd4 Re6 23. Rb2 c3 24. Rc2 Rae8 25. h4 Nxg3 26. Kxg3 Rg6+ 27. Bg5 hxg5 28. h5 Rh6 29. Qd1 g4 30. Rh1 Re4
31. Rxc3 Rxd4 32. Qb1 Rb6 33. Qe1 Rf6 34. Qe8+ Kh7 35. Qe1 Rd2 36. Rf1 Rf3+ 37. Rxf3 Qxf3+
0-1

[Event "2020 Standard Chess Dropout Tournament, Round 1"]
[Site "SchemingMind.com"]
[Date "2019.11.21"]
[Round "1"]
[White "pengle"]
[Black "John Hamer"]
[Result "0-1"]
[WhiteCountry "USA"]
[BlackCountry "ENG"]
[WhiteElo "1593"]
[WhiteRD "97"]
[BlackElo "2018"]
[BlackRD "74"]
[GameID "448367"]

1. d4 Nf6 2. f4 g6 3. Nf3 d5 4. e3 Bg7 5. Bd3 O-O 6. O-O b6 7. c4 Nc6 8. a3 Bb7 9. Nc3 e6 10. b4 dxc4
11. Bxc4 Rc8 12. Qe2 Re8 13. Bb2 Nd5 14. Nxd5 exd5 15. Bb3 Rf8 16. Rac1 Re8 17. Qf2 Qd6 18. Ne5 Nxe5 19. fxe5 Qe6 20. e4 c6
21. Rc3 Ba6 22. Re1 Red8 23. Rf3 h6 24. h3 Rd7 25. Rc1 Qe8 26. exd5 cxd5 27. Rf1 Bxf1 28. Qxf1 Qe6 29. Qb5 Rcd8 30. g4 f6
31. Qd3 Qf7 32. Qe3 Rb7 33. Rf2 Rbd7 34. Bc2 g5 35. Bc1 Re7 36. Qd3 Kf8 37. b5 Bh8 38. a4 Rc7 39. Ba3+ Kg8 40. Qf1 Qe8
41. Bd3 Rc3 42. Bb2 Rb3 43. Rd2 fxe5 44. Qf5 e4 45. Bf1 Rf3
0-1

[Event "2020 Standard Chess Dropout Tournament, Round 1"]
[Site "SchemingMind.com"]
[Date "2019.11.25"]
[Round "1"]
[White "Dan Geana"]
[Black "Udo Sprang"]
[Result "1-0"]
[WhiteCountry "ROU"]
[BlackCountry "NED"]
[WhiteElo "2613"]
[WhiteRD "120"]
[BlackElo "1928"]
[BlackRD "121"]
[GameID "448368"]

1. e4 e5 2. Nf3 Nc6 3. Bb5 a6 4. Ba4 Nf6 5. d3 d6 6. c3 Bd7 7. O-O h6 8. Bc2 g5 9. d4 Nh5 10. d5 Ne7
11. Nxe5 Nf6 12. Nxd7 Nxd7 13. Be3 Ng6 14. Nd2 Nde5 15. Ba4+ b5 16. Bc2 Bg7 17. Nb3 Qd7 18. a4 O-O 19. Nd4 Ne7 20. f4 Nc4
21. Bc1 gxf4 22. Rxf4 Ng6 23. Rf2 Nce5 24. Nf5
1-0

[Event "2020 Standard Chess Dropout Tournament, Round 1"]
[Site "SchemingMind.com"]
[Date "2019.11.25"]
[Round "1"]
[White "PION4290"]
[Black "simon_w"]
[Result "1-0"]
[WhiteCountry "CAN"]
[BlackCountry "IRL"]
[WhiteElo "1632"]
[WhiteRD "86"]
[BlackElo "1616"]
[BlackRD "103"]
[GameID "448369"]

1. d4 Nf6 2. Bf4 d5 3. e3 Bg4 4. Nf3 e6 5. Nbd2 Nc6 6. c3 Bd6 7. Bg3 O-O 8. Bd3 Bxg3 9. hxg3 e5 10. dxe5 Nxe5
11. Qc2 Nxd3+ 12. Qxd3 h6 13. O-O-O Re8 14. Rde1 Qe7 15. Nh4 c5 16. f3 Bd7 17. g4 b5 18. g5 hxg5 19. Nf5 Bxf5 20. Qxf5 Qe5
21. Qh3 Kf8 22. e4 d4 23. c4 bxc4 24. Nxc4 Qb8 25. e5 Ng8 26. Qf5 Qc8 27. Qxg5 Qe6 28. b3 a5 29. Nd6 Re7 30. Rh7 Qg6
31. Qxg6 fxg6 32. f4 Rd8 33. Kd2 Red7 34. Kd3 Nh6 35. Rh8+ Ke7 36. Rxd8 Kxd8 37. Kc4 Rc7 38. Kb5
1-0

[Event "2020 Standard Chess Dropout Tournament, Round 1"]
[Site "SchemingMind.com"]
[Date "2019.11.22"]
[Round "1"]
[White "pnwmusichound"]
[Black "spoke"]
[Result "1-0"]
[WhiteCountry "USA"]
[BlackCountry "GER"]
[WhiteElo "1790"]
[WhiteRD "104"]
[BlackElo "1777"]
[BlackRD "87"]
[GameID "448371"]

1. Nf3 d5 2. d4 Nf6 3. c4 e6 4. g3 Be7 5. Bg2 O-O 6. Nbd2 Nbd7 7. O-O b6 8. Qc2 c6 9. b3 Bb7 10. Bb2 dxc4
11. Nxc4 c5 12. dxc5 Nxc5 13. Rfd1 Qc7 14. Rd4 Rad8 15. Rh4 h6 16. Re1 Be4 17. Qc3 Bxf3 18. Bxf3 b5 19. Ne3 a5 20. a3 Rd7
21. Ng4 b4 22. axb4 axb4 23. Qc2 Nh7 24. Nxh6+ gxh6 25. Rxh6 Nd3 26. Qxc7 Rxc7 27. exd3 Bg5 28. Rh5 Rc2 29. Be5 f6 30. Bd6
1-0

[Event "2020 Standard Chess Dropout Tournament, Round 1"]
[Site "SchemingMind.com"]
[Date "2019.11.21"]
[Round "1"]
[White "Ramesh Panwar"]
[Black "Thomas Jacob Kelly"]
[Result "1-0"]
[WhiteCountry "IND"]
[BlackCountry "USA"]
[WhiteElo "2510"]
[WhiteRD "73"]
[BlackElo "1727"]
[BlackRD "81"]
[GameID "448372"]

1. c4 f5 2. d4 e6 3. g3 Nf6 4. Bg2 Bb4+ 5. Bd2 Be7 6. Nf3 d6 7. Nc3 O-O 8. O-O Na6 9. Qc2 c5 10. Rad1 Rb8
11. e4 fxe4 12. Nxe4 cxd4 13. Nxd4 e5 14. Nb5 Bf5 15. Nxf6+ Rxf6 16. Be4 Bxe4 17. Qxe4 Nc5 18. Qd5+ Kf8 19. Bg5 Rg6 20. f4 Ke8
21. fxe5
1-0

[Event "2020 Standard Chess Dropout Tournament, Round 1"]
[Site "SchemingMind.com"]
[Date "2019.11.20"]
[Round "1"]
[White "Robert Hatfield"]
[Black "JimM"]
[Result "0-1"]
[WhiteCountry "USA"]
[BlackCountry "USA"]
[WhiteElo "1828"]
[WhiteRD "81"]
[BlackElo "1749"]
[BlackRD "81"]
[GameID "448374"]

1. c4 e6 2. Nf3 Nf6 3. g3 d5 4. b3 Nc6 5. Bb2 Bc5 6. Bg2 O-O 7. O-O d4 8. d3 Re8 9. Nbd2 e5 10. Ng5 h6
11. Nge4 Nxe4 12. Nxe4 Be7 13. a3 f5 14. Nd2 Bd7 15. Bd5+ Kh8 16. f4 Bf6 17. fxe5 Bxe5 18. Nf3 Bf6 19. c5 Rb8 20. e4 dxe3
21. Bxf6 Qxf6 22. Qe2 Nd4 23. Nxd4 Qxd4 24. Bg2 Qxc5 25. d4 Qc3
0-1

[Event "2020 Standard Chess Dropout Tournament, Round 1"]
[Site "SchemingMind.com"]
[Date "2019.11.22"]
[Round "1"]
[White "Shanks"]
[Black "surfnsuds"]
[Result "1-0"]
[WhiteCountry "ENG"]
[BlackCountry "USA"]
[WhiteElo "1289"]
[WhiteRD "69"]
[BlackElo "1390"]
[BlackRD "76"]
[GameID "448375"]

1. Nf3 Nf6 2. d4 Nc6 3. Nc3 e6 4. a3 b6 5. g3 Bb7 6. Bg2 Bd6 7. O-O O-O 8. Re1 Nh5 9. e4 Ne7 10. e5 Bxa3
11. Rxa3 f6 12. exf6 Rxf6 13. Bg5 Rf5 14. Bc1 Qf8 15. Nh4 Rxf2 16. Bxb7 Rb8 17. Bg2 Rf6 18. Ne4 Rh6 19. Bxh6
1-0

[Event "2020 Standard Chess Dropout Tournament, Round 1"]
[Site "SchemingMind.com"]
[Date "2019.11.25"]
[Round "1"]
[White "simon_w"]
[Black "buddhastalin"]
[Result "0-1"]
[WhiteCountry "IRL"]
[BlackCountry "USA"]
[WhiteElo "1616"]
[WhiteRD "103"]
[BlackElo "1702"]
[BlackRD "71"]
[GameID "448376"]

1. e4 c5 2. Nf3 e6 3. d4 cxd4 4. Nxd4 Nc6 5. Nc3 Qc7 6. g3 Nf6 7. Bg2 a6 8. O-O Be7 9. Re1 d6 10. Nxc6 bxc6
11. b3 e5 12. Bb2 Be6 13. Qd2 O-O 14. Rad1 Rfd8 15. a4 Rd7 16. h3 Rad8 17. Ba3 d5 18. Bxe7 Rxe7 19. exd5 cxd5 20. Qe2 Qxc3
0-1

[Event "2020 Standard Chess Dropout Tournament, Round 1"]
[Site "SchemingMind.com"]
[Date "2019.11.25"]
[Round "1"]
[White "smothered mate"]
[Black "John C. Walton"]
[Result "0-1"]
[WhiteCountry "POL"]
[BlackCountry "USA"]
[WhiteElo "2239"]
[WhiteRD "80"]
[BlackElo "2387"]
[BlackRD "101"]
[GameID "448378"]

1. d4 Nf6 2. c4 g6 3. Nf3 Bg7 4. Nc3 O-O 5. e4 d6 6. Be2 e5 7. Be3 c6 8. d5 Na6 9. O-O Ng4 10. Bg5 f6
11. Bh4 c5 12. h3 Nh6 13. Qd2 Nf7 14. a3 Bh6 15. Qc2 Bd7 16. Rab1 Qe7 17. g4 Nc7 18. b4 cxb4 19. axb4 b5 20. cxb5 Rfc8
21. Qb3 Bf4 22. Ra1 h5
0-1

[Event "2020 Standard Chess Dropout Tournament, Round 1"]
[Site "SchemingMind.com"]
[Date "2019.11.22"]
[Round "1"]
[White "spoke"]
[Black "Andreas Flato"]
[Result "1/2-1/2"]
[WhiteCountry "GER"]
[BlackCountry "GER"]
[WhiteElo "1798"]
[WhiteRD "90"]
[BlackElo "1876"]
[BlackRD "98"]
[GameID "448379"]

1. e4 e5 2. Nf3 d6 3. d4 exd4 4. Nxd4 Be7 5. Nc3 Nc6 6. Bb5 Bd7 7. O-O Nxd4 8. Bxd7+ Qxd7 9. Qxd4 Bf6 10. Qd3 Ne7
11. Nd5 Nxd5 12. exd5 O-O 13. Be3 b6 14. Bd4 Bxd4 15. Qxd4 Rfe8 16. Rfe1 Rxe1+ 17. Rxe1 Re8 18. Rxe8+ Qxe8 19. Qe3=
1/2-1/2

[Event "2020 Standard Chess Dropout Tournament, Round 1"]
[Site "SchemingMind.com"]
[Date "2019.11.22"]
[Round "1"]
[White "Stephen Woodhouse"]
[Black "Andrea Carra"]
[Result "1-0"]
[WhiteCountry "ENG"]
[BlackCountry "ITA"]
[WhiteElo "1885"]
[WhiteRD "90"]
[BlackElo "1899"]
[BlackRD "97"]
[GameID "448380"]

1. e4 e6 2. d4 d5 3. Nd2 c5 4. Ngf3 cxd4 5. exd5 Qxd5 6. Bc4 Qd6 7. O-O Nf6 8. Nb3 Nc6 9. Nbxd4 Nxd4 10. Qxd4 Qxd4
11. Nxd4 Bd7 12. Re1 Rc8 13. Bb3 Bc5 14. Be3 O-O 15. c3 Rfd8 16. Rad1 e5 17. Nc2 Bxe3 18. Nxe3 Kf8 19. Nc4 e4 20. Nd6 Bg4
21. Rd2 Rb8 22. h3 Bf5 23. Red1 e3 24. fxe3 Bg6 25. Nc4 Rxd2 26. Nxd2 Rd8 27. Nf3 Rxd1+ 28. Bxd1 Nd5 29. Kf2 f6 30. Bb3 Nc7
31. Nd4 Ke7 32. Kf3 Kd6 33. Kf4 Nd5+ 34. Bxd5 Kxd5 35. Nf5 b5 36. Ne7+ Kc4 37. Nxg6 hxg6 38. Ke4 a5 39. h4
1-0

[Event "2020 Standard Chess Dropout Tournament, Round 1"]
[Site "SchemingMind.com"]
[Date "2019.11.21"]
[Round "1"]
[White "surfnsuds"]
[Black "Randy Bahr"]
[Result "1-0"]
[WhiteCountry "USA"]
[BlackCountry "USA"]
[WhiteElo "1435"]
[WhiteRD "77"]
[BlackElo "1434"]
[BlackRD "152"]
[GameID "448381"]

1. d4 Nf6 2. c4 e5 3. dxe5 Ng4 4. Nf3 Nc6 5. Bf4 Bb4+ 6. Nc3 Qe7 7. e3 Ngxe5 8. Be2 d6 9. Qd5 O-O 10. a3 Bxc3+
11. bxc3 Nxf3+ 12. Bxf3 Qf6 13. Rc1 Ne5 14. Bxe5 Qxe5 15. O-O c6 16. Qd4 Bf5 17. Rfe1 Qc5 18. Qxc5 dxc5 19. Rcd1 Rfd8 20. e4 Be6
21. Be2 Kf8 22. Rd3 Bxc4 23. Rxd8+ Rxd8 24. Bxc4 b5 25. Be2 a5 26. c4 b4 27. a4 Rd2 28. Bd1 Ke7 29. g3 Ke6 30. Bg4+ Ke5
31. f4+ Kd4 32. e5 Kxc4 33. f5
1-0

[Event "2020 Standard Chess Dropout Tournament, Round 1"]
[Site "SchemingMind.com"]
[Date "2019.11.23"]
[Round "1"]
[White "The Knight Rider"]
[Black "Haratta"]
[Result "1-0"]
[WhiteCountry "IND"]
[BlackCountry "SWE"]
[WhiteElo "2484"]
[WhiteRD "162"]
[BlackElo "1191"]
[BlackRD "150"]
[GameID "448382"]

1. c4 e5 2. Nc3 d6 3. e3 Nf6 4. d4 exd4 5. exd4 Be7 6. Nf3 O-O 7. Bd3 Nc6 8. O-O Nb4 9. Bb1 Nc6 10. d5 Ne5
11. Nxe5 dxe5 12. Re1 Bd6 13. Bg5 h6 14. Bxf6 Qxf6 15. c5 Bxc5 16. Ne4 Qe7 17. Qc2 Bb4 18. Nf6+
1-0

[Event "2020 Standard Chess Dropout Tournament, Round 1"]
[Site "SchemingMind.com"]
[Date "2019.11.25"]
[Round "1"]
[White "thefriediceman"]
[Black "Janusz Szopa"]
[Result "1/2-1/2"]
[WhiteCountry "USA"]
[BlackCountry "POL"]
[WhiteElo "2101"]
[WhiteRD "130"]
[BlackElo "2293"]
[BlackRD "87"]
[GameID "448383"]

1. e4 d6 2. Nc3 Nf6 3. d3 g6 4. g3 c5 5. Bg2 Bg7 6. Nge2 O-O 7. O-O Nc6 8. h3 Bd7 9. Be3 Rb8 10. Qd2 b5
11. Bh6 e6 12. Bxg7 Kxg7 13. f4 e5 14. g4 Nd4 15. Ng3 b4 16. Nce2 Nxe2+ 17. Qxe2 h6 18. Rf2 Bc6 19. Raf1 exf4 20. Rxf4 Nd7
21. Qd2 a5 22. R4f2 Qg5 23. Qxg5 hxg5 24. Kh2 Ne5 25. Ne2 f6 26. Ng1 Bb5 27. Nf3 a4 28. Ra1 a3 29. b3 Nc6 30. Rc1 Ne5
31. Bf1 Rbe8 32. Kg3 Rc8 33. Be2=
1/2-1/2